000 00352nam a2200133Ia 4500
008 230718s9999 xx 000 0 und d
082 _a320.41
_b جد-ج
100 _a جدا فرمت
245 0 _aجدید حکو سنیں مکوسیں
260 _aPakistan
_bاُردو بازار لاہور
_c2009
300 _a480
650 _aLaw
999 _c26272
_d26272